000 00764cam a22002294a 4500
020 _a0073018376 (alk. paper)
040 _cDLC
082 0 0 _a657 MCG 2006 A045 Or.
100 1 _aMaher, Michael,
245 1 0 _aFundamentals of cost accounting /
250 _a1st ed.
260 _aNew York :
_bMcGraw-Hill/Irwin,
_cc2006.
300 _axxvi, 580 p. :
_bill. (some col.) ;
_c29 cm.
500 _aIncludes index.
650 0 _aCost accounting.
700 1 _aLanen, William N.
700 1 _aRajan, Madhav V.
856 4 2 _uhttp://www.loc.gov/catdir/enhancements/fy0619/2004061066-d.html
856 4 1 _uhttp://www.loc.gov/catdir/enhancements/fy0619/2004061066-t.html
856 4 2 _uhttp://www.loc.gov/catdir/enhancements/fy0737/2004061066-b.html
942 _cEK
999 _c13114
_d13114